000 00720nam a22002057a 4500
999 _c14186
_d14186
003 AR-CdUCM
008 190422b ||||| |||| 00| 0 spa d
020 _a978-6074-0464-58
040 _aMUNICIPALIDAD PROVINCIAL DEL CUSCO
_cBIBLIOTECA MUNICIPAL DEL CUSCO
082 _aPI / 376.1 /
_bV58
110 _aViacom internacional inc.
_932860
245 _aDora la exploradora :
_b1, 2, 3, vamos /
260 _aMontreal :
_bNickelodeon,
_c2015.
300 _a20 páginas ;
_bIlustraciones,
_c32 cm.
500 _aCaracterísticas: Cuenta con una pizarra y un lápiz.
650 _aCuento infantil
_93319
700 _aPuente Montelongo, Elizabeth (traducción)
_932822
942 _2ddc
_cLIBROS
945 _aacv
_d2019-04-22